00698nam a2200181 a 450000100100000000500170001000800410002704000250006808200160009310000300010924500440013926000450018330000280022804900090025695201140026595201200037999900170049900001670020200929164941.0100309s1996 dr a 000 0 spa d aDO-SdBNPbspacBNPHU axxxxbA347e1 aAlcántara, Anibal9663310aEnglish one plus /cAnibal Alcántara. aSanto Domingo :bAmigo del Hogar,c1996. a142 p. :bil. ;c24 cm. aBNPD 0010718PDaPDbPDcCTd2010-03-09iLF1l0oxxxx A347ep16700-10r2020-06-25w2020-06-25yLFPDZNo se presta 0010718PDaPDbPDcCTd2010-03-09iLF1l0oxxxx A347ep16700-20r2020-06-25te. 2w2020-06-25yLFPDZNo se presta c16233d16233